| 000 | 01082nam a22002537a 4500 | ||
|---|---|---|---|
| 005 | 20170124103221.0 | ||
| 010 | _aB-049535 | ||
| 020 | _c125.00 | ||
| 035 | _aB-049535 | ||
| 037 | _bCen Lib/Ret | ||
| 040 |
_aDPL _bHN |
||
| 082 |
_a822 _bभटना |
||
| 100 |
_aभटनागर, सरला _9107561 |
||
| 245 |
_aएक कटोरा गंगाजल 2 / _c सरला भटनागर |
||
| 246 |
_aEk katora gangajal 2 _b by Sarla Bhatnagar |
||
| 260 |
_b दिल्ली _aआधुनिक प्रकाशन _c2001 |
||
| 270 |
_a4-B/6, गुरुद्वारा मोहल्ला पूरी गली न. 7, मौजपुर घोंडा _bदिल्ली _e110053 |
||
| 300 |
_a119पृष्ठ. _c21सेमी(सजिल्द) |
||
| 650 |
_aहिंदी साहित्य _9107562 |
||
| 650 |
_aहिंदी नाटक - संग्रह _95629 |
||
| 650 |
_aHindi literature _9107563 |
||
| 650 |
_aHindi drama - Collections _9101243 |
||
| 942 |
_2ddc _cHN _h822 _mभटना |
||
| 999 |
_c121831 _d121831 |
||